Statistics for Ultimate Harry Potter Trivia! (Warning: moderately difficult!)

Click here to take the quiz!

General Stats

  • This quiz has been taken 200 times
    (190 since last reset)
  • The average score is 7 of 15

Answer Stats

QuestionsAnswer% Correct
What is the first name of Neville Longbottom's mother?Alice
88%
What is Albus Dumbledore's full name?Albus Percival Wulfric Brian Dumbledore
83%
Who is the dark wizard known to be defeated by Albus Dumbledore?Gellert Grindelwald
80%
What is the main difference between Professor Binns and the other Hogwarts teachers?ghost
64%
What creatures pull the carriages at Hogwarts?Thestrals
63%
What is the length in inches of Harry's Wand?11
54%
What shop did Harry end up in after his Floo Powder mishap in Chamber of Secrets?Borgin and Burke's
53%
What is Ginny Weasley's patronus?Horse
49%
What did Voldemort say right before Cedric's murder?"Kill the Spare"
47%
Who was the original owner of Ron's first wand?Charlie Weasley
44%
Who was the Basilisk's first victim in the year 1992?Mrs. Norris
42%
What is Ron's favorite Quidditch team?Chudley Cannons
40%
What is the wood and core of Hermione's wand?Vine and dragon heartstring
8%
What did Harry see when he looked into the Mirror of Erised? (for the first time)parents and family
7%
How did Harry find out that Filch was a squib?found his Kwikspell letter
2%

Score Distribution

Percentile by Number Answered

Percent of People with Each Score

Your Score History

You have not taken this quiz since the last reset